Türkçede A ile Başlayan Kız İsimleri - Statistics

General Stats
  • This quiz has been taken 1 807 times
  • The average score is 14 of 95
Answer Stats
Answer % Correct
Ayşe
93%
Aslı
55%
Aysen
48%
Aysin
48%
Ayşin
48%
Aylin
46%
Azra
45%
Ayça
44%
Asya
43%
Ayla
41%
Aynur
40%
Aysu
38%
Ahsen
37%
Ayşegül
35%
Ayten
33%
Aliye
31%
Asiye
31%
Ahu
29%
Arzu
29%
Açelya
28%
Asu
28%
Aysel
28%
Ayşenur
28%
Aslıhan
25%
Ayda
24%
Aysun
23%
Aygül
22%
Azize
19%
Aycan
18%
Ayfer
18%
Asuman
17%
Adile
16%
Ajda
15%
Asude
15%
Afife
14%
Asena
14%
Aydan
14%
Alev
13%
Aybike
13%
Aya
12%
Ayben
12%
Aşkın
11%
Afet
10%
Arife
10%
Aydil
8%
Aygün
8%
Aysem
8%
Ayşem
8%
Akasya
6%
Adalet
5%
Aksu
5%
Armağan
5%
Atike
5%
Ayperi
5%
Azime
5%
Anıl
4%
Aytül
4%
Açılay
3%
Ahenk
3%
Avşar
3%
Aysan
3%
Ayşan
3%
Akay
2%
Akife
2%
Arca
2%
Ayber
2%
Ayçil
2%
Aygen
2%
Aysema
2%
Acla
1%
Acunbike
1%
Adeviye
1%
Adniye
1%
Afitab
1%
Ağbet
1%
Ahzan
1%
Akarsu
1%
Akbegüm
1%
Akmer
1%
Altınay
1%
Anber
1%
Andaç
1%
Anise
1%
Arsal
1%
Atifet
1%
Avniye
1%
Ayas
1%
Aycihan
1%
Aydoğan
1%
Aypare
1%
Aysuna
1%
Ayyıldız
1%
Azimet
1%
Azmiye
1%
Aysunar
0%
No matching quizzes found
Score Distribution
Percent of People with Each Score
Percentile by Number Answered
Your Score History
You have not taken this quiz